000 00288nas a2200121Ia 4500
008 150201s2014 xx 000 0 und d
245 _aINTERNATIONAL JOURNAL OF PHYSIOLOGY
260 _c2014
310 _aHalf Yearly
500 _aNATIONAL
650 _aHuam Physiology
942 _2ddc
_cLJ
999 _c6236
_d6236